banner-ar

الاتجاهات الحديثة فى المكتبات والمعلومات : (Record no. 50403)

MARC details
000 -الفاتح
حقل البيانات ثابتة الطول 01373nam a2200301Ia 4500
005 - وقت وتاريخ اخر تعامل مع التسجيلة
رقم الضبط 20240530104745.0
008 - عناصر البيانات ثابتة الطول - معلومات عامة
حقل البيانات ثابتة الطول 140319s9999 xx 000 0 ara d
017 ## - رقم الايداع القانونى
رقم الايداع القانونى 6534
المصدر ( الهيئة المختصة) مصر . دار الكتب المصرية
040 ## - مصدر الفهرسة
وكالة الفهرسة الأصلية GCL /
وكالة النسخ GCL
082 04 - رقم تصنيف ديوى العشرى
رقم التصنيف 020.05
رقم المادة م ا
رقم الطبعة 21
110 2# - المدخل الرئيسى - إسم هيئة
اسم الهيئة أو اسم السلطة كمدخل المكتبة الاكاديمية
الدور ناشر
245 12 - بيان العنوان
العنوان الاتجاهات الحديثة فى المكتبات والمعلومات :
بيان المسئوليه,etc رئيس التحرير شعبان عبدالعزيز خليفة ؛ مدير التحرير احمد امين
بقية العنوان كتاب دورى يصدر مؤقتا مرتين فى السنة /
رقم الجزء/قسم العمل المجلد الثالث ، العدد السادس ( يولية 1996 )
260 ## - PUBLICATION, DISTRIBUTION, ETC. (IMPRINT)
تاريخ النشر أو التوزيع 1996
300 ## - الوصف المادى
التعداد 312 ص
أبعاد الوعاء 26سم
650 04 - المدخل الاضافى بالموضوع-مصطلح موضوعى
مصطلح موضوعي نظم المعلومات
650 04 - المدخل الاضافى بالموضوع-مصطلح موضوعى
مصطلح موضوعي المكتبات
التقسيم الفرعي العام علم
650 04 - المدخل الاضافى بالموضوع-مصطلح موضوعى
مصطلح موضوعي المكتبات
التقسيم الفرعي العام برامج الحاسبات
650 04 - المدخل الاضافى بالموضوع-مصطلح موضوعى
مصطلح موضوعي تصنيف الكتب
650 04 - المدخل الاضافى بالموضوع-مصطلح موضوعى
مصطلح موضوعي الخدمة المكتبية
650 04 - المدخل الاضافى بالموضوع-مصطلح موضوعى
مصطلح موضوعي شبكات المكتبات والمعلومات
650 04 - المدخل الاضافى بالموضوع-مصطلح موضوعى
مصطلح موضوعي المعلومات
التقسيم الفرعي العام علم
650 04 - المدخل الاضافى بالموضوع-مصطلح موضوعى
مصطلح موضوعي المكتبات
التقسيم الفرعي العام فهارس
700 0# - المدخل الاضافى - اسم شخصى
الإسم الشخصى احمد امين
الدور محرر مشارك
700 0# - المدخل الاضافى - اسم شخصى
الإسم الشخصى شعبان عبدالعزيز
الدور محرر
942 ## - عناصر المدخل الإضافي( كوها)
مصدر التصنيف او مخطط الترفيف Dewey Decimal Classification
Koha [default] item type كتاب
260 ## - PUBLICATION, DISTRIBUTION, ETC. (IMPRINT)
-- القاهرة :
-- المكتبة الاكاديمية ،
Holdings
حالة التراجع حالة الفقد حالة تلف ليس للاعارة المكان المؤقت الموقع الحالى تاريخ الاكتساب اجمالي اﻻعارات رقم الطلب الباركود تاريخ اخر مشاهدة تاريخ تفعيل السعر نوع وعاء كوها
        مكتبة القاهرة الكبرى مكتبة القاهرة الكبرى 03/26/2014   020.05\ش ا 120922 03/26/2014 03/26/2014 كتاب
        مكتبة القاهرة الكبرى مكتبة القاهرة الكبرى 03/26/2014   020.05\ش ا 120923 03/26/2014 03/26/2014 كتاب
        مكتبة القاهرة الكبرى مكتبة القاهرة الكبرى 03/26/2014   020.05\ش ا 120924 03/26/2014 03/26/2014 كتاب

Powered By

EGPV